书目信息 |
| 题名: |
单萜和倍半萜化学
|
|
| 作者: | 师彦平 主编 | |
| 分册: | ||
| 出版信息: | 北京 化学工业出版社 2008 |
|
| 页数: | 285页 | |
| 开本: | 26cm | |
| 丛书名: | 天然产物化学丛书 | |
| 单 册: | ||
| 中图分类: | O629.6 | |
| 科图分类: | ||
| 主题词: | 单萜--萜类化合物--研究 , 倍半萜--萜类化合物--研究 , 单萜 , 萜类化合物 , 倍半萜 | |
| 电子资源: | ||
| ISBN: | 978-7-122-02057-4 | |
| 000 | 01012oam2 22003011 45 | |
| 001 | 1050830718 | |
| 005 | 20100420103202.26 | |
| 010 | @a978-7-122-02057-4@dCNY58.00 | |
| 100 | @a20100409d2008 em y0chiy50 ea | |
| 101 | 0 | @achi |
| 102 | @aCN@b110000 | |
| 105 | @ay z 001yy | |
| 106 | @ar | |
| 200 | 1 | @a单萜和倍半萜化学@ADan Tie He Bei Ban Tie Hua Xue@f师彦平主编@FShi Yan Ping Zhu Bian |
| 210 | @a北京@c化学工业出版社@d2008 | |
| 215 | @a285页@d26cm | |
| 225 | 2 | @a天然产物化学丛书 |
| 330 | @a本书内容包括萜类的定义、分类、代谢、提取分离、结构表征等共性问题。重点讨论了单萜和倍半萜类化合物的结构类型,代表性化合物,生物活性,谱学特征,结构修饰、改造与全合成以及构效关系等。 | |
| 461 | 0 | @12001 @a天然产物化学丛书 |
| 606 | 0 | @a单萜@x萜类化合物@x研究 |
| 606 | 0 | @a倍半萜@x萜类化合物@x研究 |
| 606 | 0 | @a单萜 |
| 606 | 0 | @a萜类化合物 |
| 606 | 0 | @a倍半萜 |
| 690 | @aO629.6@v4 | |
| 701 | 0 | @a师彦平@AShi Yan Ping@4主编 |
| 801 | 0 | @aCN@bTANGWEI@c20100420 |
| 905 | @b0590882-86@dO629.6@e14@f5 | |
| 单萜和倍半萜化学/师彦平主编.-北京:化学工业出版社,2008 |
| 285页;26cm.-(天然产物化学丛书) |
| ISBN 978-7-122-02057-4:CNY58.00 |
| 本书内容包括萜类的定义、分类、代谢、提取分离、结构表征等共性问题。重点讨论了单萜和倍半萜类化合物的结构类型,代表性化合物,生物活性,谱学特征,结构修饰、改造与全合成以及构效关系等。 |
| ● |
| 相关链接 |
|
|
|
|
正题名:单萜和倍半萜化学
索取号:O629.6/14
 
预约/预借
| 序号 | 登录号 | 条形码 | 馆藏地/架位号 | 状态 | 备注 |
| 1 | 0590882 | 205908829 | 第二样本阅览室/ [索取号:O629.6/14] | 在馆 | |
| 2 | 0590883 | 205908838 | 密集书库-生命科学系/ [索取号:O629.6/14] | 在馆 | |
| 3 | 0590884 | 205908847 | 第三借阅区/ [索取号:O629.6/14] | 在馆 | |
| 4 | 0590885 | 205908856 | 第三借阅区/ [索取号:O629.6/14] | 在馆 | |
| 5 | 0590886 | 205908865 | 第三借阅区/ [索取号:O629.6/14] | 在馆 |